Πολιτικό σύστημα και διεθνείς σχέσεις : η ελληνική περίπτωση μέσα από τη συγκριτική προοπτική
Saved in:
| Main Author: | |
|---|---|
| Corporate Author: | |
| Other Authors: | |
| Format: | Book |
| Language: | Greek |
| Published: |
Αθήνα :
Παπαζήσης,
2007.
|
| Subjects: | |
| Tags: |
Add Tag
No Tags, Be the first to tag this record!
|
MARC
| LEADER | 00000cam a2200000 i 4500 | ||
|---|---|---|---|
| 001 | 1/66754 | ||
| 008 | 071210s2007 gr | ||| |||| ||gre|| | ||
| 020 | |a 9789600221299 | ||
| 035 | |l 10092937 | ||
| 040 | |a GR-MY-UA |b gre |e aacr | ||
| 041 | 0 | |a gre | |
| 082 | 7 | |a 327.495 |2 (22) | |
| 100 | 1 | |a Μακρής, Σπύρος. | |
| 245 | 1 | 0 | |a Πολιτικό σύστημα και διεθνείς σχέσεις : |b η ελληνική περίπτωση μέσα από τη συγκριτική προοπτική / |c Σπύρος Μακρής ; πρόλογος: Κωνσταντίνος Αρβανιτόπουλος ; Κέντρο Ευρωπαϊκού Συνταγματικού Δικαίου, Ίδρυμα Θεμιστοκλή και Δημήτρη Τσάτσου. |
| 260 | |a Αθήνα : |b Παπαζήσης, |c 2007. | ||
| 300 | |a 557 σ. : |b σχεδιαγρ. ; |c 21 εκ. | ||
| 504 | |a Βιβλιογραφία: σ. 511-557. | ||
| 650 | 0 | 0 | |a Political science |z Greece. |
| 650 | 0 | 0 | |a International relations |x History |y 21st century. |
| 700 | 1 | |a Αρβανιτόπουλος, Κωνσταντίνος, |e aui | |
| 710 | 2 | |a Κέντρο Ευρωπαϊκού Συνταγματικού Δικαίου |b Ίδρυμα Θεμιστοκλή και Δημήτρη Τσάτσου. | |
| 852 | |a INST |b RHODES |e 20071210 |h 327.495 ΜΑΚ |p 005400025072 |q 005400025072 |t BK |y 0 | ||
| 901 | |a BIBL4-2007-3 | ||
| 909 | |a Ρ |b 128168 | ||
| 970 | |a ΧΑΡΙΟΠΟΛΙΤΟΥ |b ΚΩΝΣΤΑΝΤΙΝΑ |z 2007/12/10 | ||